| 000 | 00898nam a2200193 i 4500 | ||
|---|---|---|---|
| 001 | 180920 | ||
| 003 | ES-MaACL | ||
| 005 | 20230906221222.0 | ||
| 008 | 120829s1987 sp |||| | spa d | ||
| 080 | _a929 Cánovas del Castillo, Antonio | ||
| 100 | 1 |
_aCánovas del Castillo, Juan Antonio. _934606 |
|
| 245 | 1 | 0 |
_aDon Antonio Cánovas del Castillo / _cJuan Antonio Cánovas del Castillo. |
| 260 |
_a[S.l. : _bs.n., _c1987?] |
||
| 300 |
_aP. [223]-236 ; _c24 cm. |
||
| 500 | _aConferencia pronunciada el 19 de mayo de 1981 con motivo de los homenajes organizados por la Real Academia de Jurisprudencia y Legislación a los personajes que fueron Presidentes del Consejo de Ministros y Presidentes de la Academia. | ||
| 600 | 1 | 4 |
_aCánovas del Castillo, Antonio, 1828-1897- _vHomenajes _934602 |
| 852 |
_aES-MaACL _j2318-F-3 _z.- Dedicatoria manuscrita del autor |
||
| 999 |
_c180920 _d180920 |
||